000 00372pam a2200145a 44500
008 230405s2013 xxu||||| |||| 00| 0 eng d
020 _a9789350903315
_cRs. 695
082 _a610.730692
_bSON
100 _aSoni, Samta
245 _aTextbook of Advance Nursing Practice
260 _aNew Delhi
_bJaypee Pub
_c2013
300 _a656 p
502 _atext
906 _a004095
999 _c252744
_d252744